000 00299nam a2200121Ia 4500
008 220216s9999 xx 000 0 und d
100 _aKadir Abdul Aziz S A
245 0 _aRRIM: Seventy years in rubber research
260 _bRubber Asia
_c1995
300 _a75-78
700 _aKaw H W
942 _cJS
999 _c67377
_d67377